| 000 | 00425nam a22001817a 4500 | ||
|---|---|---|---|
| 003 | MPLRDC | ||
| 005 | 20220104151003.0 | ||
| 008 | 210129b ||||| |||| 00| 0 eng d | ||
| 020 | _a7-309-03194-6 | ||
| 082 | _a220.7 NHJ c.2 | ||
| 100 | _a南怀瑾 | ||
| 245 |
_a定慧初修 _c |
||
| 250 | _a重印 | ||
| 260 |
_a _b复旦大学出版社 _c2002 |
||
| 300 | _b平 | ||
| 650 | _a佛教杂论 | ||
| 942 |
_cBK _o220.7 NHJ c.2 |
||
| 999 |
_c52141 _d52131 |
||